01028nas a2200277Ia 4500001001200000003001000012008004100022040002500063041001300088100002000101210001400121222001400135245004500149250001100194260000900205501012300214300001400337362001700351500014200368650002900510700001100539942000700550957000600557999003300563952015400596dd26-37309 IT-MiCISF161014c99999999xx |||||||||||| ||und|| aIT-MiCISFcIT-MiCISF aITALIANO aNovara Daniele  aConflitti aConflitti 0aGenitori affettivi o genitori educativi? a1a ed. c2003 bCISF - Centro Internazionale Studi Famiglia - Via Giotto, 36 20145 MILANO (non commercial uses only)cCopyright 2016 app. 15-38 a n. 1 [2003] aSaraceno C., Miscioscia D., Diana R., Milesi M., Magistrali G. Tema: genitorialità€, famiglia, cambiamenti-famiglia, educazione-genitori agenitorialità€vdossier aAA.VV. cCR 71 a37309bSig1c218561d218561 0010406DD_263730971aCISFbCISFd2016-10-14l0odd26-37309 r2016-10-14 00:00:00w2016-10-14yCRzData import 15.10.2016 / by Epidotti, Vaglietti